MARC

LEADER 00000nam0a2200000 4500
001 94538
005 20231031105703.0
035 |a (RuTPU)RU\TPU\book\101271 
090 |a 94538 
100 |a 20060412d1979 k y0rusy50 ca 
101 0 |a rus 
102 |a RU 
105 |a a z 001zy 
200 1 |a Химическая стойкость полимеров в агрессивных средах  |f Ю. В. Моисеев, Г. Е. Заиков 
210 |a Москва  |c Химия  |d 1979 
215 |a 288 с.  |c ил. 
320 |a Библиогр. в конце гл. 
320 |a Предм. указ.: с. 286-288. 
610 1 |a полимеры 
610 1 |a химическая стойкость 
610 1 |a агрессивные среды 
610 1 |a химическая деструкция 
610 1 |a распад 
610 1 |a макромолекулы 
610 1 |a диффузия 
610 1 |a долговечность 
610 1 |a прогнозирование 
610 1 |a полимерные покрытия 
610 1 |a защитное действие 
675 |a 678.019.3  |v 3 
700 1 |a Моисеев  |b Ю. В.  |g Юрий Васильевич 
701 1 |a Заиков  |b Г. Е.  |g Геннадий Ефремович 
801 1 |a RU  |b 63413507  |c 20060412  |g PSBO 
801 2 |a RU  |b 63413507  |c 20160616  |g PSBO 
942 |c BK